00627nam a2200169 4500001000700000003000900007005001700016007000300033008004100036100005800077245009600135260003100231300002200262852003200284999001900316952012200335122432ES-MaACL20251003063121.0t|070214s1968 sp r ||||1| spa d0 aPuchol Montis, Vicente, cObispo de Santander99411910aTestimonio de la Iglesia y motivo de la fé b: (siglos XIV-XVI) /cVicente Puchol Montis. aMadrid : bMarova, c1968. a271 p. ; c21 cm. aES-MaACLjC-34668 bR.66255 c122432d122432 00104070aATENEOMbATENEOMcDEPO2d2008-01-17eSCl0oC-34668p1127580r2023-02-23 00:00:00w2023-02-23yMONOGRAFIA